Chinese Radicals 61 - 120 - Statistics

General Stats
  • This quiz has been taken 74 times
  • The average score is 28 of 60
Answer Stats
Radical Name % Correct
Fire
87%
Tree
87%
Water
87%
Eye
80%
Moon
80%
Sun
80%
Heart
73%
Dog
67%
Father
67%
Hand
67%
Rice
67%
Claw
60%
Field
60%
Fur
60%
Stop
60%
Use
60%
White
60%
Bamboo
53%
Compare
53%
Cow
53%
Life
53%
Say
53%
Stone
53%
Axe
47%
Dish
47%
Jade
47%
Sickness
47%
Slice
47%
Square
47%
Stand
47%
Steam
47%
Weapon
47%
Arrow
40%
Death
40%
Melon
40%
Profound
40%
Clan
33%
Dotted Tent
33%
Fang
33%
Grain
33%
Halberd
33%
Not
33%
Script
33%
Silk
33%
Sweet
33%
Tile
33%
Cave
27%
Dipper
27%
Door
27%
Double X
27%
Half Tree Trunk
27%
Lack
27%
Skin
27%
Spear
27%
Branch
20%
Do Not
20%
Rap
20%
Spirit
20%
Bolt of Cloth
13%
Track
13%
No matching quizzes found
Score Distribution
Percent of People with Each Score
Percentile by Number Answered
Your Score History
You have not taken this quiz